000 00959cam a2200205 4500
001 WB3913-05
008 030401n2003 000 0 eng u
035 _a(Sirsi) u121843
245 _aLondon dominates office space study
260 _c2003
490 _aPlanning (for the Natural and Built Environment)
_v28 March 2003, 3(1)
520 _aThe ODPM has published the first statistics on the amount of office floorspace and rateable value analysed by age trends in building stock since 1939. The figures show that nearly half of all offices built in England and Wales since 1998 are in London and the southeast. "Age of commercial and industrial property 2000" can be viewed on the ODPM website, http://www.planning.odpm.gov.uk/floorspace/index.htm.
590 _aWB
650 _aLONDON
650 _aOFFICE FLOORSPACE
650 _aCOMMERCIAL BUILDINGS
650 _aINDUSTRIAL BUILDINGS
690 _aPROPERTY-COMMERCIAL PROPERTY
942 _n0
999 _c72403
_d72403